00686nam a2200181Ia 4500008004100000082001800041100002300059245003800082260005100120300001700171365002700188366000800215505002000223530000900243620017600252630003800428730003800466100315s9999 xx 000 0 und d b1352 a658  a"Sherlekar, S.A. " aPrinciples of Business Management aMumbai bHimalaya Publishing House  c1979  a"X,416p.  " eRupees d1 b22.00  f0  gTushar Jadhav  b-   a"Management Process, Evoluation of Management Thought, Decision Making Process, Planning Function, Tyoes of Plans, The Organisation, Conflict Management in Organisation " aPrinciples of Business Management aPrinciples of Business Management